| 000 | 00843cab a2200253 4500 | ||
|---|---|---|---|
| 001 | WB3240-61 | ||
| 008 | 090401t1996 xxu||||| |||| 00| 0 eng d | ||
| 035 | _a(Sirsi) u34239 | ||
| 041 | _aeng | ||
| 245 | _aStronger links between BSE and CJD | ||
| 260 | _c1996 | ||
| 350 | _a0 | ||
| 490 |
_aTimes _v24 October 1996, 1&2 |
||
| 490 |
_aDaily Telegraph _v25 October 1996, 2(3) |
||
| 520 | _aScientists have discovered stronger links between BSE and CJD being passed on to humans through contaminated beef, but John Major claims there is no health risk. Farmers have called for stronger action to get the European ban on British beef lifted. | ||
| 650 | _aBEEF INDUSTRY | ||
| 650 | _aBSE | ||
| 650 | _aCJD | ||
| 650 | _aEUROPE | ||
| 650 | _aNATIONAL FAMERS UNION | ||
| 690 | _aRURAL PRACTICE | ||
| 942 | _n0 | ||
| 948 | _c04/03/1997 | ||
| 999 |
_c22706 _d22706 |
||